Представление документа в формате RUSMARC

ПолеНазваниеЗначение
  Тип записи i
  Библиографический уровень m
001 Контрольный номер RU\NLR\BIBL_A\011777355
005 Дата корректировки 20211217162022.2
010 Индекс ISBN __
a ISBN 978-5-9677-2702-3
b Уточнения в кор.
d Цена 227-00
100 Данные общей обработки __
a Данные общей обработки 20180824d2017####m y0rusy0289 ca
101 Язык документа 0_
a Язык текста rus
102 Страна публикации __
a Страна публикации RU
106 Кодированные данные (форма документа) __
a Кодированные данные для формы документа (Обозначение носителя) s
125 Кодированные данные звукозаписи и нотных изданий __
b Определитель литературного текста с
126 Кодированные данные (звукозаписи-физические характеристики) __
a Кодированные данные звукозаписи (общие) аgbхhхх сd
127 Кодированные данные (звукозаписи-физические характеристики) __
a Продолжительность проигрывания 0710##
135 Кодированные данные (электронные ресурсы) __
a Кодированные данные (электронные ресурсы) aongannnauuuu
139 Кодированные данные (электронные ресурсы) __
a Кодированные данные (электронные ресурсы) caz |||
181 Поле кодированных данных: вид содержания _0
a Код вида содержания (ISBD) h
182 Поле кодированных данных: тип средства _0
a Код типа средства (ISBD) a
200 Заглавие и сведения об ответственности 1_
a Заглавие Китаец
e Сведения, относящиеся к заглавию шпионский роман : [аудиокнига]
f Первые сведения об ответственности Евгений Колесов
g Последующие сведения об ответственности режиссер Виктория Козельцева ; генеральный продюсер Андрей Лобзов
203 Вид содержания и тип средства __
a Вид содержания Устная речь
c Тип средства аудио
210 Выходные данные 1_
a Место издания Москва
c Издательство 1С-Паблишинг
d Дата издания 2017
215 Физическое описание __
a Объем 1 электрон. опт. диск (CD-ROM) (7 ч. 10 мин.)
c Иллюстрации/тип воспроизводства зв.
d Формат 12 см
225 Серия 1_
a Серия 1С: Аудиокниги
300 Общие примечания __
a Общие примечания Заглавие с этикетки диска
300 Общие примечания __
a Общие примечания Данные в формате MP3
330 Аннотация __
a Аннотация Слушателям предлагается захватывающее повествование о "прелестях" шпионской работы. Автор книги Евгений Колесов — успешный предприниматель, ведущий телепрограммы "Открытие Китая" на Первом канале. В КНР и происходит основное действие романа. Главный герой Алексей Назаров — бывший студент химфака, свободно владеющий китайским языком. Он завербован отечественной военной разведкой и после спецподготовки направлен в Китай. Его агентурный псевдоним "Китаец" и определил название книги. Задача агента — предотвратить серию химических диверсий на границе двух стран. В остросюжетном шпионском детективе показано становление личности молодого человека, приводятся интереснейшие сведения о тонкостях жизни в Поднебесной. Есть и любовная линия. В финале повести Назаров оказывается в руках китайской контрразведки и подвергается убийственным пыткам. Что предпримет военная разведка России?
333 Примечание о целевом назначении __
a Примечание о целевом назначении 16+. Для детей старше 16 лет
337 Примечание о системных требованиях (электронные ресурсы) __
a Примечание о системных требованиях (электронные ресурсы) Систем. требования: MS Windows 95/98/2000/XP/Vista/7/8/10 ; Pentium 100 ; ОЗУ 16 Мб ; монитор SVGA, 800x600 ; устройство чтения CD/DVD-ROM ; звуковая карта ; колонки или наушники ; мышь
606 Тематические рубрики __
a Основная рубрика Художественная литература
606 Тематические рубрики __
a Основная рубрика Современная русская литература (произведения)
610 Ключевые слова 0_
a Ключевые слова романы
610 Ключевые слова 0_
a Ключевые слова шпионские романы
610 Ключевые слова 0_
a Ключевые слова внешняя разведка
610 Ключевые слова 0_
a Ключевые слова тема шпионажа
610 Ключевые слова 0_
a Ключевые слова тема разведки
610 Ключевые слова 0_
a Ключевые слова тема Китая
686 Индексы других классификаций __
a Классификационный индекс 84(2=411.2)6-445я04; ст84(2=411.2)6-445я0
2 Код системы rubbks
700 Автор _1
a Фамилия Колесов
b Имя Е.
g Полное личное имя Евгений
4 Код отношения 070
702 Вторичная интеллектуальная ответственность _1
a Фамилия Волков
b Имя П.
g Полное личное имя Петр
4 Код отношения 590
702 Вторичная интеллектуальная ответственность _1
a Фамилия Козельцева
b Имя В.
g Полное личное имя Виктория
4 Код отношения 300
702 Вторичная интеллектуальная ответственность _1
a Фамилия Лобзов
b Имя А.
g Полное личное имя Андрей
4 Код отношения 665
801 Источник записи _0
a Страна RU
b Организация NLR
c Дата составления 20180824
g Правила каталогизации RCR
801 Источник записи _1
a Страна RU
b Организация NLR
c Дата составления 20180824
2 Код формата rusmarc
g Правила каталогизации PSBO
801 Источник записи _2
a Страна RU
b Организация NLR
c Дата составления 20181112
2 Код формата rusmarc
g Правила каталогизации PSBO
852 Данные о местонахождении __
i Авторский знак К 60
j Шифр хранения 84(2=411.2)6-445я04
899 Данные о местонахождении __
a Местонахождение ЦБС Сургут
900 Макрообъекты __
a Макрообъекты Китаец, 2017 г. (эл.ресурс)
901 Тип документа __
a Ответственный КиК/Котельникова
t Тип документа 0
903 Характеристики (МАРС) __
a Дата передачи 20210202
c Наименование библиотеки (МАРС) Муниципальное бюджетное учреждение культуры "Централизованная библиотечная система" г. Сургут (Центральная городская библиотека им. А. С. Пушкина)
969 Тип издания __
a Тип издания аудиокнига
a Тип издания издание для слепых
990 Данные о заказе (DOS) __
j Количество экземпляров (DOS) 3
t N записи в КСУ для И/У (DOS) 202102